Charles Schwab : How one company beat Wall Street and reinvented the brokerage industry

This book tells the exciting story of how Charles Schwab revolutionized the financial services industry and shook up Wall Street forever. It is also an essential read for any aspiring entrepreneur

Sparad:
Bibliografiska uppgifter
Huvudupphovsman: Kador, John
Materialtyp: Bok
Språk:Undetermined
Publicerad: Hoboken, NJ. J. Wiley 2002
Ämnen:
Taggar: Lägg till en tagg
Inga taggar, Lägg till första taggen!
Thư viện lưu trữ: Trung tâm Học liệu Trường Đại học Cần Thơ
LEADER 00954nam a2200241Ia 4500
001 CTU_163810
008 210402s9999 xx 000 0 und d
020 |c 36.13 
082 |a 332.62 
082 |b K11 
100 |a Kador, John 
245 0 |a Charles Schwab : 
245 0 |b How one company beat Wall Street and reinvented the brokerage industry 
245 0 |c John Kador 
260 |a Hoboken, NJ. 
260 |b J. Wiley 
260 |c 2002 
520 |a This book tells the exciting story of how Charles Schwab revolutionized the financial services industry and shook up Wall Street forever. It is also an essential read for any aspiring entrepreneur 
650 |a Charles Schwab corporation,Stockbrokers,Tập đoàn Charles Schwab,Môi giới chứng khoán 
650 |x History,History,Lịch sử 
650 |z New York (State),New York (Hoa Kỳ) 
904 |i Qhieu 
980 |a Trung tâm Học liệu Trường Đại học Cần Thơ